Il y a mieu (Record no. 13981)

MARC details
010 ## - Numéro international normalisé du livre (ISBN)
ISBN 9782958676483
Disponibilité et/ou prix 6 EUR
099 ## - Visibilité opac
notice masquée en opac Non
100 ## - Données générales de traitement
Données générales de traitement 20240621d2024 a y0frey50 ba
101 0# - Langue de la ressource
Langue du texte, de la bande son, etc. français
102 ## - Pays de publication ou de production
Pays de publication France
200 1# - Titre et mention de responsabilité
Titre propre Il y a mieu
Indication générale du type de document Livre
214 #0 - Mentions de production, publication, diffusion et manufacture
Nom de l’éditeur la Maison théâtre
Date de publication DL 2024
214 #3 - Mentions de production, publication, diffusion et manufacture
Nom de l’éditeur Ott impr.
215 ## - Description physique
Nombre de pages 1 vol. (41 p.)
225 ## - Collection
Titre de la collection Les cahiers théâtre
Numéro de collection n° 16
300 ## - Notes générales
Texte de la note Commande de la Maison théâtre dans le cadre du projet "Que ça bouge !"
330 ## - Résumé ou extrait
Texte de la note En attendant le bus qui mène à la journée mondiale, des jeunes rédigent un manifeste. Une belle occasion de brasser toutes les grandes idées sur la société, nos valeurs … et de partager leurs convictions avec d'autres passant·e·s. Mais, est-ce si facile d'inventer un autre monde ? Sébastien Joanniez dresse un tableau réaliste, tendre et facétieux de nos utopies compliquées à mettre en oeuvre mais nécessaires si nous voulons que ça bouge!
610 ## - Mot-clé
Mot-clé Mannifestation
-- Engagement
-- jeunesse
700 ## - Auteur principal
Nom Joanniez
Prénom Sébastien
Dates 1974-....
105 ## - Zone de données codées : textes, monographies
Données codées sur les monographies textuelles ||||z 00|a|
181 #0 - Zone de données codées : Forme de la ressource
Données de liaison entre champs 01
Forme du contenu selon l’ISBD sous forme codée i
Qualificatif(s) du contenu selon l’ISBD sous forme codée xxxe
181 ## - Zone de données codées : Forme de la ressource
Données de liaison entre champs 02
Autre référentiel utilisé pour coder la forme du contenu texte
Code du référentiel rdacontent
182 #0 - Zone de données codées : type de média
Données de liaison entre champs 01
Type de médiation selon l’ISBD sous forme codée sans média
182 ## - Zone de données codées : type de média
Données de liaison entre champs 02
Autre référentiel utilisé pour coder le type de médiation sans média
Code du référentiel rdamedia
214 #0 - Mentions de production, publication, diffusion et manufacture
Lieu de publication, production, distribution/diffusion, fabrication Strasbourg
214 #3 - Mentions de production, publication, diffusion et manufacture
Lieu de publication, production, distribution/diffusion, fabrication 67-Wasselonne
215 ## - Description physique
Dimensions 21 cm
225 ## - Collection
Complément du titre 14-18 ans
410 #0 - Collection
Identifiant de la notice bibliographique liée 47252827
410 #0 - Collection
Titre de l'oeuvre Les Cahiers théâtre (Strasbourg)
ISSN 3039-5577
Numéro de volume 16
686 ## - Autres numéros de classification
Indice 802
Code du format utilisé Cadre de classement de la Bibliographie nationale française
700 ## - Auteur principal
Identifiant de la notice d'autorité 13503450
Identifiant international normalisé pour les noms ISNI0000000017236336
Code de fonction Auteur
801 #0 - Origine de la notice
Pays FR
Agence de catalogage FR-751131015
Date de la transaction 20240621
Règles de catalogage utilisées AFNOR
Identifiant d'origine FRBNF474999570000003
Code du format utilisé intermrc
856 #2 - Adresse électronique et mode d’accès
Uniform Resource Identifier 894149
Numéro d'accès Première de couverture
000 -Etiquette de la notice
Leader 01830cam a2200445 4500
003 - Identifiant de la notice
Identifiant http://catalogue.bnf.fr/ark:/12148/cb47499957m
005 - Identifiant de la version
Identifiant 20251211161016.0
020 ## - Numéro de l'agence bibliographique nationale
Code de pays France
Indice 02437068
073 #0 - EAN
Numéro normalisé 9782958676483
Holdings
Exclu du prêt Date de création Site actuel Code barre Date prix de remplacement Cote Date de restitution prévue Statut Site de rattachement Type de document Koha
  11.12.2025 Théâtre Joliette JOL-007682 11.12.2025 TH JP X 20.03.2026   Théâtre Joliette Livre